| 000 | 01854cam a2200397 a 4500 | ||
|---|---|---|---|
| 999 |
_c15500 _d15500 |
||
| 001 | 15388665 | ||
| 003 | EG-ScBUE | ||
| 005 | 20210121130057.0 | ||
| 008 | 080730t2010 nyu f 000 1 eng d | ||
| 020 | _a9780446556996 | ||
| 035 | _a(OCoLC)225870360 | ||
| 040 |
_aDLC _beng _erda _cDLC _dYDX _dBTCTA _dBAKER _dYDXCP _dUPZ _dABG _dJZ6 _dWIQ _dVP@ _dCDX _dDLC _dEG-ScBUE |
||
| 043 | _an-us-ny | ||
| 082 | 0 | 4 |
_a813.54 _bPAT _222 |
| 100 | 1 |
_aPatterson, James, _d1947- _eauthor. _924546 |
|
| 245 | 1 | 0 |
_aRun for your life / _cJames Patterson and Michael Ledwidge. |
| 264 | 1 |
_aNew York, NY : _bHachette Book Group, _c[2010] |
|
| 264 | 1 | _cc2010 | |
| 300 |
_a336 pages ; _c25 cm |
||
| 336 |
_2rdacontent _atext _btxt |
||
| 337 |
_2rdamedia _aunmediated _bn |
||
| 338 |
_2rdacarrier _avolume _bnc |
||
| 520 | _aA calculating killer who calls himself The Teacher is taking on New York City, killing the powerful and the arrogant. Discovering a secret pattern to The Teacher's lessons, Detective Mike Bennett realizes he has just hours to save New York from the greatest disaster in history. | ||
| 650 | 7 |
_aRich people _vFiction. _2BUEsh _924547 |
|
| 650 | 7 |
_aSerial murderers _vFiction. _2BUEsh _924548 |
|
| 650 | 7 |
_aBennett, Michael (Fictitious character) _vFiction. _2BUEsh _924549 |
|
| 651 | 7 |
_aNew York (N.Y.) _vFiction. _2BUEsh _924550 |
|
| 653 |
_cJune2011 _bHHUUEENN |
||
| 655 | 7 |
_aMystery fiction. _2gsafd _vReading book |
|
| 655 | 7 |
_aSuspense fiction. _2gsafd _vReading book |
|
| 700 | 1 |
_aLedwidge, Michael. _eauthor. _924553 |
|
| 856 | 4 | 2 |
_3Contributor biographical information _uhttp://www.loc.gov/catdir/enhancements/fy0837/2008033731-b.html |
| 856 | 4 | 2 |
_3Publisher description _uhttp://www.loc.gov/catdir/enhancements/fy0837/2008033731-d.html |
| 942 |
_2ddc _cBB |
||